000 00763nam a2200241Ia 4500
003 OSt
005 20220926015519.0
006 a|||||r|||| 00| 0
007 ta
008 220923b |||||||| |||| 00| 0 eng d
020 _a9781137579447
_c3197.60
037 _bT-IN1730, 27/02/2018, Orange Boooks International
_cGeneral Book
040 _aRTL
_cRTL
_beng
041 _2eng
_aeng
082 _aX:77, Q6
100 _aBESLEY Timothy
_9251553
245 0 _aContemporary issues in development economics.
260 _aNew York
_bPalgrave Macmillan
_c2016
300 _axvi,211p
_ccm.
650 _aEconomics
942 _hX:77, Q6
_cGB
_2CC
999 _c631857
_d631857